Nhân lực khoa học xã hội Số 01

Trong số này trình bày Chính sách an ninh xã hội của t ỉnh Quảng Nam: Thực trạng, thách thức và giải pháp; Thực trạng pháp lực Việt Nam về thẩm quyền hỗ trợ tư pháp của tòa án liên quan đến áo dụng biện pháp khẩn cấp tạm thời trong tố tụ...

Disgrifiad llawn

Wedi'i Gadw mewn:
Manylion Llyfryddiaeth
Fformat: Llyfr
Iaith:Vietnamese
Cyhoeddwyd: H. Viện Hàn lâm Khoa học xã hội Việt Nam. Học viện Khoa học xã hội 2020
Pynciau:
Tagiau: Ychwanegu Tag
Dim Tagiau, Byddwch y cyntaf i dagio'r cofnod hwn!
Thư viện lưu trữ: Thư viện Trường Đại học Nam Cần Thơ
LEADER 01465nam a22002297a 4500
001 NCT_123440
008 220512b xxu||||| |||| 00| 0 vie d
999 |c 6322  |d 6322 
022 |a 0866-756X 
041 |a vie 
082 0 4 |2 23rd ed.  |a 331  |b Nh121L 
245 0 0 |a Nhân lực khoa học xã hội  |n Số 01  |c Viện Hàn lâm Khoa học xã hội Việt Nam. Học viện Khoa học xã hội 
260 |a H.  |b Viện Hàn lâm Khoa học xã hội Việt Nam. Học viện Khoa học xã hội  |c 2020 
300 |c 29cm 
310 |a Hàng tháng 
362 |a 01/2020 
520 3 |a Trong số này trình bày Chính sách an ninh xã hội của t ỉnh Quảng Nam: Thực trạng, thách thức và giải pháp; Thực trạng pháp lực Việt Nam về thẩm quyền hỗ trợ tư pháp của tòa án liên quan đến áo dụng biện pháp khẩn cấp tạm thời trong tố tụng trọng tài; Các trường hợp đương nhiên miễn trách nhiệm hình sự;... 
655 |a Tạp chí 
942 |2 ddc  |c CR 
952 |0 0  |1 0  |2 ddc  |4 0  |6 331_000000000000000_NH121L  |7 0  |9 23907  |a 000001  |b 000001  |d 2022-05-13  |o 331 Nh121L  |r 2022-05-13  |w 2022-05-13  |y CR 
952 |0 0  |1 0  |2 ddc  |4 0  |6 331_000000000000000_NH121L  |7 0  |9 23908  |a 000001  |b 000001  |d 2022-05-13  |o 331 Nh121L  |r 2022-05-13  |w 2022-05-13  |y CR 
980 |a Thư viện Trường Đại học Nam Cần Thơ